[Event "MSR_ch16"]
[Site "?"]
[Date "2024.04.05"]
[Round "1.19"]
[White "Jura, Michal"]
[Black "Nedeljak, Marek"]
[Result "1-0"]
[BlackElo "1505"]
[WhiteElo "1822"]
[LiveChessVersion "1.4.8"]

1. e4 {[%clk 1:30:48]} c6 {[%clk 1:30:53]} 2. d4 {[%clk 1:31:12]} d5
{[%clk 1:31:18]} 3. exd5 {[%clk 1:31:39]} cxd5 {[%clk 1:31:40]} 4. Nf3
{[%clk 1:32:04]} Nf6 {[%clk 1:32:03]} 5. c4 {[%clk 1:32:29]} dxc4
{[%clk 1:30:27]} 6. Bxc4 {[%clk 1:32:54]} Bg4 {[%clk 1:30:48]} 7. Be3
{[%clk 1:33:05]} e6 {[%clk 1:31:01]} 8. O-O {[%clk 1:33:22]} Bd6 {[%clk 1:31:24]}
9. h3 {[%clk 1:33:23]} Bh5 {[%clk 1:29:21]} 10. Nc3 {[%clk 1:33:26]} O-O
{[%clk 1:28:14]} 11. Re1 {[%clk 1:32:50]} Nbd7 {[%clk 1:27:45]} 12. Be2
{[%clk 1:28:54]} Nb6 {[%clk 1:25:24]} 13. Ne5 {[%clk 1:27:43]} Bxe2
{[%clk 1:23:38]} 14. Qxe2 {[%clk 1:23:47]} Nbd5 {[%clk 1:21:48]} 15. Bg5
{[%clk 1:22:28]} Nxc3 {[%clk 1:19:34]} 16. bxc3 {[%clk 1:22:51]} Be7
{[%clk 1:18:56]} 17. Qf3 {[%clk 1:18:17]} Nd5 {[%clk 1:13:23]} 18. Bxe7
{[%clk 1:16:43]} Qxe7 {[%clk 1:13:40]} 19. c4 {[%clk 1:16:02]} Nb6
{[%clk 1:12:11]} 20. d5 {[%clk 1:13:13]} f6 {[%clk 1:08:22]} 21. Nd3
{[%clk 1:12:13]} Nxc4 {[%clk 1:07:50]} 22. Rxe6 {[%clk 1:12:21]} Qc7
{[%clk 1:04:27]} 23. Rae1 {[%clk 1:10:52]} Ne5 {[%clk 1:04:04]} 24. Qg3
{[%clk 1:11:05]} Rfe8 {[%clk 1:02:51]} 25. Nxe5 {[%clk 1:09:12]} Rxe6
{[%clk 1:02:09]} 26. dxe6 {[%clk 1:09:35]} fxe5 {[%clk 1:02:12]} 27. Rxe5
{[%clk 1:09:14]} Re8 {[%clk 1:02:09]} 28. Qe3 {[%clk 1:07:30]} g6
{[%clk 1:01:43]} 29. f4 {[%clk 1:07:08]} a6 {[%clk 1:00:11]} 30. f5
{[%clk 1:05:52]} gxf5 {[%clk 1:00:11]} 31. Rxf5 {[%clk 1:06:10]} Qd6
{[%clk 0:58:26]} 32. Qg5+ {[%clk 1:06:23]} Kh8 {[%clk 0:58:12]} 33. Qf6+
{[%clk 1:06:46]} Kg8 {[%clk 0:58:18]} 34. Rg5# {[%clk 1:07:14]} 1-0

[Event "MSR_ch16"]
[Site "?"]
[Date "2024.04.05"]
[Round "1.20"]
[White "Liska, Leo"]
[Black "Buzalka, Martin"]
[Result "0-1"]
[BlackElo "1819"]
[WhiteElo "1361"]
[LiveChessVersion "1.4.8"]

1. d4 {[%clk 1:30:57]} Nf6 {[%clk 1:30:44]} 2. c4 {[%clk 1:31:18]} c5
{[%clk 1:29:26]} 3. d5 {[%clk 1:31:34]} e6 {[%clk 1:29:49]} 4. Nc3
{[%clk 1:31:59]} exd5 {[%clk 1:30:12]} 5. cxd5 {[%clk 1:32:21]} d6
{[%clk 1:30:32]} 6. e4 {[%clk 1:32:37]} g6 {[%clk 1:30:02]} 7. h3
{[%clk 1:32:59]} a6 {[%clk 1:28:53]} 8. a4 {[%clk 1:32:50]} Bg7 {[%clk 1:27:47]}
9. Nf3 {[%clk 1:32:52]} O-O {[%clk 1:26:14]} 10. Bd3 {[%clk 1:33:17]} Re8
{[%clk 1:24:51]} 11. O-O {[%clk 1:32:53]} Nbd7 {[%clk 1:22:29]} 12. Re1
{[%clk 1:32:25]} Qc7 {[%clk 1:20:04]} 13. Bf4 {[%clk 1:26:24]} b6
{[%clk 1:19:27]} 14. Nd2 {[%clk 1:22:33]} Nh5 {[%clk 1:15:40]} 15. Bh2
{[%clk 1:21:37]} Bb7 {[%clk 1:08:57]} 16. Nc4 {[%clk 1:18:03]} Ne5
{[%clk 1:09:10]} 17. Nxe5 {[%clk 1:17:30]} dxe5 {[%clk 1:09:04]} 18. Qd2
{[%clk 1:15:00]} Qe7 {[%clk 0:59:51]} 19. Nb1 {[%clk 1:09:27]} Nf6
{[%clk 0:57:38]} 20. Na3 {[%clk 1:07:56]} Nd7 {[%clk 0:57:53]} 21. Nc4
{[%clk 1:07:34]} Rab8 {[%clk 0:52:33]} 22. Rab1 {[%clk 1:01:17]} b5
{[%clk 0:50:42]} 23. axb5 {[%clk 0:59:19]} axb5 {[%clk 0:50:30]} 24. Na3
{[%clk 0:55:15]} c4 {[%clk 0:49:59]} 25. Bf1 {[%clk 0:54:49]} Qc5
{[%clk 0:40:50]} 26. Kh1 {[%clk 0:41:53]} Ba6 {[%clk 0:38:53]} 27. Bg1
{[%clk 0:39:19]} Bf8 {[%clk 0:34:08]} 28. f3 {[%clk 0:37:34]} Qc7
{[%clk 0:33:54]} 29. Rec1 {[%clk 0:35:56]} Rec8 {[%clk 0:26:45]} 30. Nc2
{[%clk 0:35:08]} Qd6 {[%clk 0:21:34]} 31. Ne3 {[%clk 0:31:46]} Nc5
{[%clk 0:20:36]} 32. Nd1 {[%clk 0:31:41]} Nb3 {[%clk 0:20:05]} 33. Qe3
{[%clk 0:31:47]} Nxc1 {[%clk 0:19:53]} 34. Rxc1 {[%clk 0:32:10]} Qc7
{[%clk 0:19:45]} 35. b3 {[%clk 0:32:12]} Qa5 {[%clk 0:18:53]} 36. bxc4
{[%clk 0:32:18]} bxc4 {[%clk 0:18:57]} 37. Qg5 {[%clk 0:31:43]} Qc7
{[%clk 0:18:03]} 38. h4 {[%clk 0:31:38]} Qe7 {[%clk 0:17:46]} 39. Qg4
{[%clk 0:30:53]} Qa3 {[%clk 0:17:12]} 40. Be3 {[%clk 0:30:16]} c3
{[%clk 0:14:23]} 41. h5 {[%clk 0:30:29]} Bxf1 {[%clk 0:13:39]} 42. hxg6
{[%clk 0:30:51]} hxg6 {[%clk 0:13:43]} 0-1

[Event "MSR_ch16"]
[Site "?"]
[Date "2024.04.05"]
[Round "1.21"]
[White "Carnecky, Viliam"]
[Black "Geletka, Tomas"]
[Result "1-0"]
[BlackElo "1233"]
[WhiteElo "1789"]
[LiveChessVersion "1.4.8"]

1. e4 {[%clk 1:30:40]} e5 {[%clk 1:30:55]} 2. Nc3 {[%clk 1:31:06]} Nc6
{[%clk 1:31:18]} 3. Bc4 {[%clk 1:30:06]} Bc5 {[%clk 1:31:28]} 4. Qg4
{[%clk 1:29:46]} g6 {[%clk 1:30:59]} 5. Qf3 {[%clk 1:29:01]} Qf6 {[%clk 1:28:39]}
6. Nd5 {[%clk 1:28:03]} Qxf3 {[%clk 1:28:52]} 7. Nxf3 {[%clk 1:28:27]} Bb6
{[%clk 1:29:03]} 8. Ng5 {[%clk 1:26:16]} Nh6 {[%clk 1:24:53]} 9. Nf6+
{[%clk 1:24:32]} Kf8 {[%clk 1:21:51]} 10. Ngxh7+ {[%clk 1:18:51]} Kg7
{[%clk 1:19:46]} 11. d3 {[%clk 1:18:14]} Rxh7 {[%clk 1:15:52]} 12. Nxh7
{[%clk 1:18:32]} Kxh7 {[%clk 1:15:55]} 13. Bxh6 {[%clk 1:16:14]} Nd4
{[%clk 1:08:46]} 14. O-O-O {[%clk 1:11:15]} Kxh6 {[%clk 1:08:30]} 15. Bxf7
{[%clk 1:11:19]} Ne2+ {[%clk 1:07:51]} 16. Kd2 {[%clk 1:09:59]} Nf4
{[%clk 1:08:04]} 17. h4 {[%clk 0:57:10]} Bxf2 {[%clk 1:04:42]} 18. Rdf1
{[%clk 0:53:55]} Bb6 {[%clk 1:02:06]} 19. h5 {[%clk 0:48:08]} gxh5
{[%clk 0:44:47]} 20. g3 {[%clk 0:48:10]} Kg7 {[%clk 0:45:05]} 21. gxf4
{[%clk 0:47:05]} Kxf7 {[%clk 0:45:26]} 22. fxe5+ {[%clk 0:47:12]} Kg7
{[%clk 0:44:21]} 23. Rxh5 {[%clk 0:46:53]} d6 {[%clk 0:44:07]} 24. Rg5+
{[%clk 0:46:45]} Kh6 {[%clk 0:44:26]} 25. Rg3 {[%clk 0:46:52]} 1-0

[Event "MSR_ch16"]
[Site "?"]
[Date "2024.04.05"]
[Round "1.22"]
[White "Bartos, Andrej"]
[Black "Krivosik, Matus"]
[Result "0-1"]
[BlackElo "1782"]
[WhiteElo "1000"]
[LiveChessVersion "1.4.8"]

1. e4 {[%clk 1:30:53]} c6 {[%clk 1:30:51]} 2. Nc3 {[%clk 1:30:36]} d5
{[%clk 1:31:16]} 3. exd5 {[%clk 1:30:41]} cxd5 {[%clk 1:31:42]} 4. d4
{[%clk 1:30:55]} Nf6 {[%clk 1:32:00]} 5. Nf3 {[%clk 1:30:11]} Bg4
{[%clk 1:32:18]} 6. h3 {[%clk 1:30:10]} Bxf3 {[%clk 1:32:32]} 7. Qxf3
{[%clk 1:30:20]} Nc6 {[%clk 1:32:47]} 8. Bb5 {[%clk 1:29:56]} e6 {[%clk 1:32:45]}
9. a3 {[%clk 1:27:27]} Be7 {[%clk 1:30:38]} 10. Bf4 {[%clk 1:25:37]} O-O
{[%clk 1:30:31]} 11. O-O-O {[%clk 1:24:37]} Qb6 {[%clk 1:28:48]} 12. Be3
{[%clk 1:21:58]} a6 {[%clk 1:27:21]} 13. Bd3 {[%clk 1:20:02]} Qa5
{[%clk 1:24:21]} 14. Kd2 {[%clk 1:18:31]} e5 {[%clk 1:20:30]} 15. Qg3
{[%clk 1:07:15]} exd4 {[%clk 1:18:25]} 16. Bh6 {[%clk 1:07:14]} dxc3+
{[%clk 1:18:35]} 17. bxc3 {[%clk 1:07:25]} Nh5 {[%clk 1:16:59]} 18. Qg4
{[%clk 1:06:19]} d4 {[%clk 1:13:39]} 19. Qe4 {[%clk 0:59:27]} Qxc3+
{[%clk 1:11:23]} 20. Ke2 {[%clk 0:59:28]} Nf6 {[%clk 1:10:00]} 21. Qh4
{[%clk 0:57:53]} gxh6 {[%clk 1:08:27]} 22. Qxh6 {[%clk 0:57:48]} Ne5
{[%clk 1:05:02]} 23. Bf5 {[%clk 0:56:39]} Qc4+ {[%clk 1:04:20]} 24. Ke1
{[%clk 0:55:54]} Bxa3 {[%clk 1:01:41]} 25. Qxf6 {[%clk 0:54:28]} Bb4+
{[%clk 1:00:31]} 26. Rd2 {[%clk 0:53:30]} Bxd2+ {[%clk 0:55:48]} 27. Kxd2
{[%clk 0:53:32]} Qc3+ {[%clk 0:53:52]} 28. Ke2 {[%clk 0:52:07]} Rfe8
{[%clk 0:52:37]} 29. f4 {[%clk 0:44:36]} Nc4+ {[%clk 0:51:03]} 30. Kf2
{[%clk 0:44:29]} Qe3+ {[%clk 0:51:17]} 31. Kf1 {[%clk 0:43:38]} Nd2#
{[%clk 0:51:41]} 0-1

[Event "MSR_ch16"]
[Site "?"]
[Date "2024.04.05"]
[Round "1.23"]
[White "Visvader, Kristof"]
[Black "Lehocky, Tomas"]
[Result "1-0"]
[BlackElo "1000"]
[WhiteElo "1740"]
[LiveChessVersion "1.4.8"]

1. d4 {[%clk 1:30:55]} d5 {[%clk 1:30:50]} 2. Nf3 {[%clk 1:31:18]} Nf6
{[%clk 1:31:01]} 3. c4 {[%clk 1:31:31]} e6 {[%clk 1:30:44]} 4. Nc3
{[%clk 1:31:22]} Nc6 {[%clk 1:30:28]} 5. Bf4 {[%clk 1:29:53]} Bb4
{[%clk 1:29:13]} 6. e3 {[%clk 1:28:03]} O-O {[%clk 1:27:42]} 7. Bd3
{[%clk 1:26:05]} Bxc3+ {[%clk 1:24:46]} 8. bxc3 {[%clk 1:26:20]} b6
{[%clk 1:22:14]} 9. O-O {[%clk 1:24:46]} Bb7 {[%clk 1:22:26]} 10. Rb1
{[%clk 1:23:09]} Ba6 {[%clk 1:20:52]} 11. cxd5 {[%clk 1:18:41]} Bxd3
{[%clk 1:19:16]} 12. Qxd3 {[%clk 1:19:00]} exd5 {[%clk 1:19:31]} 13. h3
{[%clk 1:12:46]} Re8 {[%clk 1:18:05]} 14. c4 Ne4 {[%clk 1:15:52]} 15. Rfc1
{[%clk 1:06:14]} Ne7 {[%clk 1:14:19]} 16. cxd5 {[%clk 0:46:39]} Qxd5
{[%clk 1:13:33]} 17. Rb5 {[%clk 0:40:27]} c5 {[%clk 1:12:47]} 18. Ne1
{[%clk 0:33:10]} Nd6 {[%clk 1:11:40]} 19. Bxd6 {[%clk 0:32:46]} Qxd6
{[%clk 1:11:51]} 20. dxc5 {[%clk 0:32:12]} Qxd3 {[%clk 1:11:05]} 21. Nxd3
{[%clk 0:32:35]} Rac8 {[%clk 1:09:57]} 22. cxb6 {[%clk 0:32:08]} Rxc1+
{[%clk 1:09:52]} 23. Nxc1 {[%clk 0:32:23]} axb6 {[%clk 1:10:04]} 24. Rxb6
{[%clk 0:31:53]} Nd5 {[%clk 1:10:18]} 25. Rb5 {[%clk 0:29:17]} Nc3
{[%clk 1:09:43]} 26. Rc5 {[%clk 0:29:08]} Ne4 {[%clk 1:09:09]} 27. Rc2
{[%clk 0:28:50]} h6 {[%clk 1:08:52]} 28. f3 {[%clk 0:28:05]} Ng3 {[%clk 1:08:20]}
29. e4 {[%clk 0:27:23]} Rd8 {[%clk 1:08:05]} 30. Kf2 {[%clk 0:27:27]} Nh1+
{[%clk 1:07:40]} 31. Ke3 {[%clk 0:27:13]} Kf8 {[%clk 1:06:54]} 32. Ne2
{[%clk 0:22:23]} g5 33. a4 Ra8 {[%clk 1:05:24]} 34. Ra2 {[%clk 0:22:19]} Ke7
{[%clk 1:05:23]} 35. g4 {[%clk 0:21:36]} Kd6 {[%clk 1:05:02]} 36. a5
{[%clk 0:19:40]} Kc5 {[%clk 1:04:51]} 37. a6 {[%clk 0:19:17]} Kb6
{[%clk 1:05:05]} 38. Nd4 {[%clk 0:19:29]} Ng3 {[%clk 1:05:02]} 39. Kf2
{[%clk 0:19:32]} Rxa6 {[%clk 1:04:32]} 40. Rxa6+ {[%clk 0:19:53]} Kxa6
{[%clk 1:04:56]} 41. Kxg3 {[%clk 0:20:10]} 1-0

[Event "MSR_ch16"]
[Site "?"]
[Date "2024.04.05"]
[Round "1.24"]
[White "Malina, Marko"]
[Black "Cizmar, Tomas"]
[Result "0-1"]
[BlackElo "1736"]
[WhiteElo "1000"]
[LiveChessVersion "1.4.8"]

1. e4 {[%clk 1:30:56]} e6 {[%clk 1:30:39]} 2. d4 {[%clk 1:30:57]} d5
{[%clk 1:31:07]} 3. Nc3 {[%clk 1:30:47]} Bb4 {[%clk 1:31:25]} 4. Bd3
{[%clk 1:30:04]} Ne7 {[%clk 1:28:17]} 5. Nge2 {[%clk 1:28:09]} c5
{[%clk 1:26:21]} 6. Bd2 {[%clk 1:26:29]} c4 {[%clk 1:25:45]} 7. Bxc4
{[%clk 1:25:05]} dxc4 {[%clk 1:26:05]} 8. a3 {[%clk 1:25:01]} Bxc3
{[%clk 1:25:26]} 9. Bxc3 {[%clk 1:25:24]} O-O {[%clk 1:23:48]} 10. Qd2
{[%clk 1:25:15]} Nbc6 {[%clk 1:21:04]} 11. Qe3 {[%clk 1:24:29]} b5
{[%clk 1:17:19]} 12. Qg3 {[%clk 1:22:57]} f6 {[%clk 1:13:35]} 13. h4
{[%clk 1:22:22]} Bb7 {[%clk 0:59:14]} 14. O-O-O {[%clk 1:19:54]} Qb8
{[%clk 0:55:37]} 15. Qh3 {[%clk 1:18:39]} Bc8 {[%clk 0:54:35]} 16. f4
{[%clk 1:16:59]} a5 {[%clk 0:53:21]} 17. b3 {[%clk 1:15:57]} cxb3
{[%clk 0:52:38]} 18. cxb3 {[%clk 1:16:15]} b4 {[%clk 0:52:43]} 19. axb4
{[%clk 1:15:30]} axb4 {[%clk 0:52:53]} 20. Bb2 {[%clk 1:15:47]} e5
{[%clk 0:48:52]} 21. f5 {[%clk 1:15:26]} Ba6 {[%clk 0:47:57]} 22. Qg4
{[%clk 1:13:43]} Na5 {[%clk 0:43:51]} 23. Rh3 {[%clk 1:12:03]} Bxe2
{[%clk 0:35:54]} 24. Qxe2 {[%clk 1:12:12]} Rc8+ {[%clk 0:35:19]} 25. Kb1
{[%clk 1:12:13]} exd4 {[%clk 0:30:54]} 26. Rxd4 {[%clk 1:10:39]} Rd8
{[%clk 0:27:52]} 27. Rxd8+ {[%clk 1:09:56]} Qxd8 {[%clk 0:28:19]} 28. Qg4
{[%clk 1:09:00]} Nec6 {[%clk 0:25:04]} 29. Rg3 {[%clk 1:08:21]} Ra7
{[%clk 0:24:17]} 30. h5 {[%clk 1:08:23]} Ne5 {[%clk 0:22:50]} 31. Bxe5
{[%clk 1:07:58]} fxe5 {[%clk 0:23:18]} 32. h6 {[%clk 1:07:59]} Qf6
{[%clk 0:22:17]} 33. Qh5 {[%clk 1:06:54]} g6 {[%clk 0:18:25]} 34. Qf3
{[%clk 1:02:44]} Nc6 {[%clk 0:16:03]} 35. fxg6 {[%clk 1:02:05]} Qxf3
{[%clk 0:16:07]} 36. gxf3 {[%clk 1:02:21]} Ne7 {[%clk 0:14:43]} 37. g7
{[%clk 1:01:45]} Ra6 {[%clk 0:14:50]} 38. Rg5 {[%clk 1:01:05]} Rxh6
{[%clk 0:09:32]} 39. Rxe5 {[%clk 1:01:20]} Nc6 {[%clk 0:09:21]} 40. Rd5
{[%clk 0:58:46]} Kxg7 {[%clk 0:08:55]} 41. Kc2 {[%clk 0:58:05]} Rf6
{[%clk 0:06:46]} 42. Rc5 {[%clk 0:56:34]} Nd4+ {[%clk 0:06:08]} 43. Kb2
{[%clk 0:55:20]} Rxf3 {[%clk 0:05:29]} 44. Rc4 {[%clk 0:54:03]} Rxb3+
{[%clk 0:05:36]} 45. Ka2 {[%clk 0:53:58]} Ra3+ {[%clk 0:05:49]} 46. Kb2
{[%clk 0:54:17]} Ne6 {[%clk 0:04:54]} 47. Rxb4 {[%clk 0:54:25]} Re3
{[%clk 0:04:12]} 48. Kc2 {[%clk 0:51:24]} Nc5 {[%clk 0:01:24]} 49. Kd2
{[%clk 0:50:35]} Rxe4 {[%clk 0:01:43]} 50. Rxe4 {[%clk 0:50:26]} Nxe4+
{[%clk 0:02:12]} 51. Ke3 {[%clk 0:50:23]} Nf6 {[%clk 0:02:33]} 52. Kf3
{[%clk 0:50:43]} Kg6 {[%clk 0:02:58]} 53. Kg2 {[%clk 0:50:52]} Kg5
{[%clk 0:03:22]} 54. Kg3 {[%clk 0:51:14]} h5 {[%clk 0:03:44]} 55. Kh3
{[%clk 0:51:38]} h4 {[%clk 0:04:00]} 56. Kg2 {[%clk 0:52:02]} Kg4
{[%clk 0:04:26]} 57. Kh2 {[%clk 0:52:18]} h3 {[%clk 0:04:46]} 58. Kh1
{[%clk 0:52:38]} Kg3 {[%clk 0:05:01]} 59. Kg1 {[%clk 0:53:02]} Ng4
{[%clk 0:05:21]} 60. Kh1 {[%clk 0:53:26]} Nf2+ {[%clk 0:05:43]} 61. Kg1
{[%clk 0:53:36]} h2+ {[%clk 0:06:03]} 0-1

[Event "MSR_ch16"]
[Site "?"]
[Date "2024.04.05"]
[Round "1.25"]
[White "Cerven, Samuel"]
[Black "Roman, Dominik"]
[Result "1/2-1/2"]
[BlackElo "1000"]
[WhiteElo "1732"]
[LiveChessVersion "1.4.8"]

1. e4 {[%clk 1:30:47]} e5 {[%clk 1:30:51]} 2. Nf3 {[%clk 1:30:54]} Nc6
{[%clk 1:30:53]} 3. d4 {[%clk 1:30:50]} exd4 {[%clk 1:29:53]} 4. Bc4
{[%clk 1:30:54]} Bc5 {[%clk 1:29:10]} 5. c3 {[%clk 1:31:10]} dxc3
{[%clk 1:29:14]} 6. Bxf7+ {[%clk 1:31:27]} Kxf7 {[%clk 1:28:45]} 7. Qd5+
{[%clk 1:31:44]} Ke8 {[%clk 1:28:11]} 8. Qxc5 {[%clk 1:32:03]} cxb2
{[%clk 1:26:47]} 9. Bxb2 {[%clk 1:32:26]} Nf6 {[%clk 1:26:17]} 10. e5
{[%clk 1:31:36]} d6 {[%clk 1:22:42]} 11. Qe3 {[%clk 1:27:45]} dxe5
{[%clk 1:20:27]} 12. Nxe5 {[%clk 1:27:46]} Nxe5 {[%clk 1:13:56]} 13. Bxe5
{[%clk 1:27:59]} Qe7 {[%clk 1:12:57]} 14. h3 {[%clk 1:26:44]} Kf7
{[%clk 1:03:19]} 15. O-O {[%clk 1:26:56]} Re8 {[%clk 1:02:38]} 16. Re1
{[%clk 1:26:43]} Be6 {[%clk 0:59:11]} 17. Nc3 {[%clk 1:26:08]} b6
{[%clk 0:50:19]} 18. Qf3 {[%clk 1:23:45]} c5 {[%clk 0:42:09]} 19. Rad1
{[%clk 1:22:35]} Rad8 {[%clk 0:41:46]} 20. Ne4 {[%clk 1:20:55]} Rxd1
{[%clk 0:40:17]} 21. Rxd1 {[%clk 1:21:20]} Bxh3 {[%clk 0:36:35]} 22. Nd6+
{[%clk 1:18:29]} Kf8 {[%clk 0:36:24]} 23. Bxf6 {[%clk 1:18:14]} gxf6
{[%clk 0:36:13]} 24. Qxh3 {[%clk 1:18:16]} Rd8 {[%clk 0:36:33]} 25. Qh6+
{[%clk 1:16:17]} Kg8 {[%clk 0:36:42]} 26. Qd2 {[%clk 1:15:08]} c4
{[%clk 0:36:20]} 27. Qd5+ {[%clk 1:12:34]} Kf8 {[%clk 0:34:38]} 28. Qc6
{[%clk 0:41:02]} c3 {[%clk 0:33:47]} 29. Qxc3 {[%clk 0:39:01]} Rxd6
{[%clk 0:32:14]} 30. Re1 {[%clk 0:38:43]} Re6 {[%clk 0:29:17]} 31. Qc8+
{[%clk 0:39:03]} Kf7 {[%clk 0:28:29]} 1/2-1/2